Normal view
MARC view
Entry Personal Name
001 - CONTROL NUMBER
- control field: 13424
003 - CONTROL NUMBER IDENTIFIER
- control field: dpl
005 - DATE AND TIME OF LATEST TRANSACTION
- control field: 20100814144117.0
008 - FIXED-LENGTH DATA ELEMENTS
- fixed length control field: 100814|||a|||||| | ||| d
040 ## - CATALOGING SOURCE
- Original cataloging agency: dpl
- Transcribing agency: dpl
100 ## - HEADING--PERSONAL NAME
- Personal name: Raghavendra Babu, Y. P.
670 ## - SOURCE DATA FOUND
- Source citation: Work cat.: (dpl)41921: Raghavendra Babu, Y. P., Concept maps in forensic medilcine and toxicology :, 2010
670 ## - SOURCE DATA FOUND
- Source citation: Work cat.: (dpl)41921: Raghavendra Babu, Y. P., Concept maps in forensic medilcine and toxicology :, 2010
